[Event "RM-2013-0-00134"]
[Site "LSS email"]
[Date "2014.03.03"]
[Round "?"]
[White "Bubnov, Vladimir Semenovich"]
[Black "Ortiz, Manuel"]
[Result "1/2-1/2"]
[WhiteElo "2133"]
[BlackElo "2058"]
[PlyCount "53"]
[EventDate "2013.11.03"]
[EventType "tourn (corr)"]
[EventRounds "6"]
[EventCountry "GER"]
[SourceTitle "Telechess CBM 167"]
[Source "ChessBase"]
[SourceDate "2015.07.13"]
[SourceVersion "1"]
[SourceVersionDate "2015.07.13"]
[SourceQuality "1"]

1. b3 Nf6 2. Bb2 d5 3. e3 c5 4. Nf3 Nc6 5. Bb5 Bd7 6. 0-0 e6 7. c4 Bd6 8. d4 cxd4 9. cxd5 exd5 10. Nxd4 0-0 11. Nf3 a6 12. Be2 Bf5 13. Nc3 Bc7 14. Bd3 Bg4 15. h3 Bxf3 16. Qxf3 Qd6 17. g3 Ne5 18. Qd1 h5 19. Ne2 h4 20. Rc1 Rfe8 21. Kg2 hxg3 22. Nxg3 Bb6 23. Bb1 Rad8 24. Nf5 Qe6 25. Rg1 g6 26. Kh2 Ne4 27. Qh5 1/2-1/2

[Event "RM-2013-0-00134"]
[Site "LSS email"]
[Date "2014.03.03"]
[Round "?"]
[White "Bubnov, Vladimir Semenovich"]
[Black "Stolz, Stephan"]
[Result "1/2-1/2"]
[WhiteElo "2133"]
[BlackElo "2233"]
[PlyCount "79"]
[EventDate "2013.11.03"]
[EventType "tourn (corr)"]
[EventRounds "6"]
[EventCountry "GER"]
[SourceTitle "Telechess CBM 167"]
[Source "ChessBase"]
[SourceDate "2015.07.13"]
[SourceVersion "1"]
[SourceVersionDate "2015.07.13"]
[SourceQuality "1"]

1. e4 e6 2. d4 d5 3. Nc3 dxe4 4. Nxe4 Nd7 5. Nf3 Ngf6 6. Nxf6+ Nxf6 7. Be3 Bd6 8. Bd3 0-0 9. Qe2 b6 10. 0-0-0 Bb7 11. Bg5 h6 12. Bh4 Be7 13. Kb1 Nd5 14. Bg3 Nb4 15. Bc4 Bd5 16. Rhe1 b5 17. Bb3 a5 18. Qxb5 a4 19. Bxd5 Nxd5 20. Rd3 a3 21. b3 Bb4 22. Red1 Nc3+ 23. Rxc3 Bxc3 24. Qc5 Ba5 25. Qxa3 Bb6 26. Qb2 Qd5 27. Rd3 f6 28. h3 Rfd8 29. b4 g5 30. a3 h5 31. Qa2 Qxa2+ 32. Kxa2 g4 33. hxg4 hxg4 34. Nh2 Rxd4 35. Rxd4 Bxd4 36. Nxg4 Kf7 37. Kb3 e5 38. c3 Bb6 39. Bh4 Ke6 40. Bxf6 1/2-1/2

[Event "RM-2013-0-00131"]
[Site "LSS email"]
[Date "2013.12.14"]
[Round "?"]
[White "Szabo, Mihaly"]
[Black "Bubnov, Vladimir Semenovich"]
[Result "1-0"]
[WhiteElo "2206"]
[BlackElo "2121"]
[PlyCount "103"]
[EventDate "2013.08.28"]
[EventType "tourn (corr)"]
[EventRounds "6"]
[EventCountry "GER"]
[SourceTitle "Telechess CBM 167"]
[Source "ChessBase"]
[SourceDate "2015.07.13"]
[SourceVersion "1"]
[SourceVersionDate "2015.07.13"]
[SourceQuality "1"]

1. e4 e5 2. Nf3 Nc6 3. Bb5 a6 4. Ba4 Nf6 5. 0-0 Be7 6. Bxc6 dxc6 7. Re1 Bg4 8. h3 Bh5 9. g4 Nxg4 10. hxg4 Bxg4 11. d3 Bd6 12. Qe2 h5 13. Nbd2 Qe7 14. Nf1 0-0-0 15. a3 Rdf8 16. N1h2 Kb8 17. b4 f6 18. c4 c5 19. bxc5 Bxc5 20. Be3 g5 21. Bxc5 Qxc5 22. Qe3 Qe7 23. Rab1 Ka8 24. d4 Bc8 25. d5 h4 26. Qb3 g4 27. Nxg4 Rhg8 28. Nfh2 b6 29. f3 f5 30. exf5 Bxf5 31. Rb2 e4 32. Kh1 Qd6 33. Qb4 Qg6 34. c5 exf3 35. Ne5 Qg3 36. cxb6 cxb6 37. Nexf3 b5 38. Rg1 Qb8 39. Rxg8 Rxg8 40. d6 h3 41. Qf4 Bc8 42. Rd2 Qb7 43. Nf1 Qc6 44. Kh2 Bb7 45. Qf7 Rd8 46. Qf6 Rd7 47. Kg3 Rg7+ 48. Ng5 Rg8 49. Nh2 Bc8 50. Nhf3 Qd7 51. Qd4 Bb7 52. Kh2 1-0

[Event "RM-2013-0-00131"]
[Site "LSS email"]
[Date "2013.11.29"]
[Round "?"]
[White "Konstantinov, Maxim"]
[Black "Bubnov, Vladimir Semenovich"]
[Result "1-0"]
[WhiteElo "2206"]
[BlackElo "2121"]
[PlyCount "69"]
[EventDate "2013.08.28"]
[EventType "tourn (corr)"]
[EventRounds "6"]
[EventCountry "GER"]
[SourceTitle "Telechess CBM 167"]
[Source "ChessBase"]
[SourceDate "2015.07.13"]
[SourceVersion "1"]
[SourceVersionDate "2015.07.13"]
[SourceQuality "1"]

1. d4 f5 2. Bg5 h6 3. Bf4 Nf6 4. e3 d6 5. Be2 g6 6. h3 c5 7. c3 Qb6 8. Nd2 cxd4 9. exd4 g5 10. Bh2 Be6 11. Bd3 Qxb2 12. Rc1 Qxa2 13. Ngf3 Bd7 14. 0-0 Qg8 15. Re1 f4 16. Ne4 Kd8 17. Nxf6 exf6 18. c4 Nc6 19. Be4 Rc8 20. d5 Ne5 21. Nd4 Qf7 22. Ne6+ Bxe6 23. dxe6 Qxe6 24. Ra1 Qxc4 25. Rxa7 Rc7 26. g3 fxg3 27. Bxg3 h5 28. Qb1 g4 29. Rxb7 Rxb7 30. Qxb7 Qc7 31. Qd5 Nd7 32. Bf5 Nb6 33. Qd4 Be7 34. Bf4 Qc5 35. Qe4 1-0

[Event "RM-2013-0-00131"]
[Site "LSS email"]
[Date "2013.10.01"]
[Round "?"]
[White "Bubnov, Vladimir Semenovich"]
[Black "Silva Filho, Alcindo Luz Bastos"]
[Result "1/2-1/2"]
[WhiteElo "2121"]
[BlackElo "2001"]
[PlyCount "58"]
[EventDate "2013.08.28"]
[EventType "tourn (corr)"]
[EventRounds "6"]
[EventCountry "GER"]
[SourceTitle "Telechess CBM 167"]
[Source "ChessBase"]
[SourceDate "2015.07.13"]
[SourceVersion "1"]
[SourceVersionDate "2015.07.13"]
[SourceQuality "1"]

1. d4 Nf6 2. c4 e6 3. Nc3 Bb4 4. e3 0-0 5. Nge2 d5 6. a3 Be7 7. cxd5 exd5 8. g3 c6 9. Bg2 Re8 10. 0-0 a5 11. b3 Na6 12. f3 Qb6 13. e4 dxe4 14. Na4 Qa7 15. fxe4 Nc7 16. h3 b5 17. Nac3 b4 18. axb4 Bxb4 19. Bg5 Ba6 20. Bxf6 Bxc3 21. Nxc3 Bxf1 22. Qxf1 gxf6 23. Qxf6 Ne6 24. Ra4 Rab8 25. e5 Red8 26. Ne2 Rxb3 27. Be4 Re3 28. Bf5 Rxe2 29. Qh6 Re1+ 1/2-1/2

[Event "RM-2012-0-00113"]
[Site "LSS email"]
[Date "2013.02.19"]
[Round "?"]
[White "Bubnov, Vladimir Semenovich"]
[Black "Canizares Cuadra, Pedro"]
[Result "1/2-1/2"]
[WhiteElo "2110"]
[BlackElo "2237"]
[PlyCount "82"]
[EventDate "2012.12.28"]
[EventType "tourn (corr)"]
[EventRounds "6"]
[EventCountry "GER"]
[SourceTitle "Telechess CBM 161"]
[Source "ChessBase"]
[SourceDate "2014.07.16"]
[SourceVersion "1"]
[SourceVersionDate "2014.07.16"]
[SourceQuality "1"]

1. d4 Nf6 2. c4 e6 3. Nc3 Bb4 4. Qc2 0-0 5. Bg5 c5 6. dxc5 Na6 7. a3 Bxc3+ 8. Qxc3 Nxc5 9. Bxf6 Qxf6 10. Qxf6 gxf6 11. e3 b6 12. Rd1 Rd8 13. Ne2 Kf8 14. Nc3 Nb3 15. Ne4 Bb7 16. Nd6 Bc6 17. Be2 Ke7 18. 0-0 Rg8 19. e4 Nc5 20. Bf3 Rab8 21. Rd2 f5 22. Re1 a5 23. g3 fxe4 24. Nxe4 Bxe4 25. Bxe4 b5 26. b4 axb4 27. axb4 Nxe4 28. Rxe4 bxc4 29. Rxc4 Rb7 30. Rh4 Rh8 31. Kf1 d5 32. Ke2 h5 33. Rb2 Kf6 34. g4 Rhb8 35. Rxh5 Rxb4 36. Rxb4 Rxb4 37. f3 Rb2+ 38. Kd3 Rb3+ 39. Ke2 Rb2+ 40. Ke3 Rb3+ 41. Ke2 Rb2+ 1/2-1/2

[Event "RM-2013-0-00114"]
[Site "LSS email"]
[Date "2013.01.20"]
[Round "?"]
[White "Bubnov, Vladimir Semenovich"]
[Black "Zholob, Anatoly"]
[Result "1/2-1/2"]
[WhiteElo "2128"]
[BlackElo "2096"]
[PlyCount "50"]
[EventDate "2013.01.07"]
[EventType "tourn (corr)"]
[EventRounds "6"]
[EventCountry "GER"]
[SourceTitle "Telechess CBM 159"]
[Source "ChessBase"]
[SourceDate "2014.03.17"]
[SourceVersion "1"]
[SourceVersionDate "2014.03.17"]
[SourceQuality "1"]

1. d4 d5 2. c4 Nc6 3. Nc3 dxc4 4. Nf3 Nf6 5. e3 e5 6. Bxc4 exd4 7. exd4 Bd6 8. Qe2+ Qe7 9. Qxe7+ Nxe7 10. Bg5 Be6 11. Bxe6 fxe6 12. 0-0 h6 13. Bh4 Kf7 14. Rfe1 Rhd8 15. a3 Nf5 16. Rad1 g5 17. Bg3 Rac8 18. Na4 Bxg3 19. fxg3 b6 20. b4 c6 21. Nc3 Ke7 22. Ne4 g4 23. Ne5 Nxd4 24. Nxf6 Kxf6 25. Nxg4+ Kg7 1/2-1/2

[Event "RM-2012-0-00113"]
[Site "LSS email"]
[Date "2013.01.19"]
[Round "?"]
[White "Bubnov, Vladimir Semenovich"]
[Black "Sherwood, Russell"]
[Result "0-1"]
[WhiteElo "2110"]
[BlackElo "2179"]
[PlyCount "45"]
[EventDate "2012.12.28"]
[EventType "tourn (corr)"]
[EventRounds "6"]
[EventCountry "GER"]
[SourceTitle "Telechess CBM 161"]
[Source "ChessBase"]
[SourceDate "2014.07.16"]
[SourceVersion "1"]
[SourceVersionDate "2014.07.16"]
[SourceQuality "1"]

1. d4 Nf6 2. c4 g6 3. Nc3 d5 4. Qb3 dxc4 5. Qxc4 Bg7 6. e4 0-0 7. Nf3 a6 8. Qb3 b5 9. Be2 Nc6 10. Be3 Ng4 11. e5 Bf5 12. 0-0 Qd7 13. h3 Nxe3 14. fxe3 Rad8 15. Nd1 Be6 16. Qc3 f6 17. exf6 exf6 18. a4 Rb8 19. axb5 axb5 20. Rc1 Bd5 21. Qc5 Qd6 22. Bxb5 Nb4 23. Be2 0-1

[Event "RA-2012-0-00246"]
[Site "LSS email"]
[Date "2012.11.08"]
[Round "?"]
[White "Dehaybe, Andre"]
[Black "Bubnov, Vladimir Semenovich"]
[Result "1/2-1/2"]
[WhiteElo "2171"]
[BlackElo "2127"]
[PlyCount "102"]
[EventDate "2012.10.18"]
[EventType "tourn (corr)"]
[EventRounds "6"]
[EventCountry "GER"]
[SourceTitle "Telechess CBM 159"]
[Source "ChessBase"]
[SourceDate "2014.03.17"]
[SourceVersion "1"]
[SourceVersionDate "2014.03.17"]
[SourceQuality "1"]

1. d4 Nf6 2. c4 e6 3. Nc3 Bb4 4. Qc2 0-0 5. Nf3 c5 6. dxc5 Na6 7. g3 Nxc5 8. Bg2 Nce4 9. 0-0 Nxc3 10. bxc3 Be7 11. e4 d6 12. e5 dxe5 13. Nxe5 Qc7 14. Qe2 Bd6 15. Bf4 Ne8 16. Rfd1 f6 17. Nd3 Qxc4 18. Qb2 Bxf4 19. Nxf4 g5 20. Nd5 Qc5 21. Ne3 Rb8 22. c4 b6 23. Rd8 Qe7 24. Rad1 Nc7 25. Rxf8+ Kxf8 26. c5 Ba6 27. c6 Rd8 28. Rd7 Rxd7 29. cxd7 Bb5 30. Qc3 Qd8 31. Ng4 Bxd7 32. Nxf6 Bb5 33. h3 Qe7 34. Be4 h6 35. Ng4 Qg7 36. Qa3+ Qe7 37. Qxa7 h5 38. Ne3 Qd6 39. a4 Be8 40. Bf3 h4 41. gxh4 gxh4 42. Bg4 Bf7 43. a5 bxa5 44. Qxa5 Nd5 45. Qa8+ Kg7 46. Qa1+ Kg6 47. Ng2 Qd8 48. Qe5 Qf6 49. Qh5+ Kg7 50. Qxh4 Qxh4 51. Nxh4 Kf6 1/2-1/2

[Event "RA-2012-0-00247"]
[Site "LSS email"]
[Date "2012.11.08"]
[Round "?"]
[White "Schenning, Albert AM"]
[Black "Bubnov, Vladimir Semenovich"]
[Result "1/2-1/2"]
[WhiteElo "2100"]
[BlackElo "2170"]
[PlyCount "84"]
[EventDate "2012.10.25"]
[EventType "tourn (corr)"]
[EventRounds "6"]
[EventCountry "GER"]
[SourceTitle "Telechess CBM 163"]
[Source "ChessBase"]
[SourceDate "2014.11.11"]
[SourceVersion "2"]
[SourceVersionDate "2014.11.11"]
[SourceQuality "1"]

1. d4 Nf6 2. c4 g6 3. Nc3 Bg7 4. e4 d6 5. h3 0-0 6. Nf3 e5 7. d5 a5 8. Bg5 Na6 9. Be2 Nc5 10. Nd2 h6 11. Be3 Bd7 12. g4 c6 13. h4 a4 14. g5 hxg5 15. hxg5 Nh7 16. Rg1 cxd5 17. cxd5 Qc7 18. f3 Rfb8 19. Kf2 b5 20. Rc1 Be8 21. Qf1 Qb7 22. Qh3 Qe7 23. Rg2 a3 24. b3 Na6 25. Qh4 f6 26. gxf6 Bxf6 27. Qh6 Nf8 28. Nf1 Bg7 29. Qh1 Nb4 30. Bd2 Qa7+ 31. Kg3 Nh7 32. Qh3 Bd7 33. Qh4 Kf7 34. Bxb5 Bxb5 35. Qxh7 Bxf1 36. Bh6 Kf6 37. Bxg7+ Qxg7 38. Qxg7+ Kxg7 39. Rxf1 Nd3 40. Rh2 Nf4 41. Rc1 Rh8 42. Rch1 Rh5 1/2-1/2

[Event "RA-2012-0-00246"]
[Site "LSS email"]
[Date "2012.11.08"]
[Round "?"]
[White "Silva Filho, Alcindo Luz Bastos"]
[Black "Bubnov, Vladimir Semenovich"]
[Result "1-0"]
[WhiteElo "2154"]
[BlackElo "2127"]
[PlyCount "133"]
[EventDate "2012.10.18"]
[EventType "tourn (corr)"]
[EventRounds "6"]
[EventCountry "GER"]
[SourceTitle "Telechess CBM 159"]
[Source "ChessBase"]
[SourceDate "2014.03.17"]
[SourceVersion "1"]
[SourceVersionDate "2014.03.17"]
[SourceQuality "1"]

1. e4 e5 2. Nf3 Nc6 3. Bb5 a6 4. Ba4 Nf6 5. 0-0 Be7 6. Re1 b5 7. Bb3 d6 8. c3 0-0 9. h3 Bb7 10. d4 Re8 11. Nbd2 Bf8 12. a3 Nb8 13. Ng5 Re7 14. Ndf3 Nbd7 15. Nxf7 Rxf7 16. Ng5 d5 17. exd5 Bd6 18. dxe5 Nxe5 19. Rxe5 Bxe5 20. d6 Qxd6 21. Qxd6 Bxd6 22. Bxf7+ Kh8 23. Be6 Bd5 24. Bxd5 Nxd5 25. Nf7+ Kg8 26. Nxd6 cxd6 27. a4 b4 28. cxb4 Nxb4 29. Bd2 Nd5 30. Ra3 Kf7 31. Rb3 Ra7 32. g3 Ke6 33. Kf1 Kd7 34. Rb8 g6 35. Ba5 Kc6 36. b3 Nf6 37. Bb6 Rf7 38. Be3 Nd5 39. Bd4 Re7 40. h4 Re4 41. Bb2 Nb6 42. Ba3 Re6 43. Bc1 Nd7 44. Rc8+ Kb7 45. Rc2 h5 46. Bf4 a5 47. Re2 Rxe2 48. Kxe2 d5 49. Kd2 Nc5 50. Kc3 Kc6 51. f3 Ne6 52. Be3 Nf8 53. b4 axb4+ 54. Kxb4 Nd7 55. Bd4 Nf8 56. a5 Ne6 57. Bg1 Nc7 58. g4 Ne6 59. a6 Nf4 60. Ba7 Nd3+ 61. Kc3 Ne1 62. gxh5 gxh5 63. f4 Nf3 64. Bf2 d4+ 65. Kd3 Kb6 66. Bg3 Kxa6 67. f5 1-0

[Event "RA-2012-0-00239"]
[Site "LSS email"]
[Date "2012.10.02"]
[Round "?"]
[White "Bubnov, Vladimir Semenovich"]
[Black "Krol, Wladyslaw"]
[Result "1/2-1/2"]
[WhiteElo "2170"]
[BlackElo "1998"]
[PlyCount "53"]
[EventDate "2012.09.05"]
[EventType "tourn (corr)"]
[EventRounds "6"]
[EventCountry "GER"]
[SourceTitle "Telechess CBM 163"]
[Source "ChessBase"]
[SourceDate "2014.11.11"]
[SourceVersion "2"]
[SourceVersionDate "2014.11.11"]
[SourceQuality "1"]

1. e4 e5 2. f4 exf4 3. Nf3 Nf6 4. e5 Nh5 5. d4 d5 6. Be2 g5 7. c4 g4 8. 0-0 dxc4 9. Ne1 Nc6 10. Bxg4 Bxg4 11. Qxg4 Ng7 12. Nf3 Nxd4 13. Nc3 Nge6 14. Rd1 h5 15. Qh3 c5 16. b3 Qa5 17. Bd2 Qa6 18. Nxd4 cxd4 19. Nd5 0-0-0 20. bxc4 Kb8 21. Nxf4 Qxc4 22. Rdc1 Qa6 23. Nd3 Ba3 24. Rf1 Rd7 25. Rab1 h4 26. Nb4 Qa4 27. Qb3 1/2-1/2

[Event "RM-2012-0-00104"]
[Site "LSS email"]
[Date "2012.08.08"]
[Round "?"]
[White "Muhl, Patrick"]
[Black "Bubnov, Vladimir Semenovich"]
[Result "1-0"]
[WhiteElo "2355"]
[BlackElo "2189"]
[PlyCount "77"]
[EventDate "2012.06.16"]
[EventType "tourn (corr)"]
[EventRounds "6"]
[EventCountry "GER"]
[SourceTitle "Telechess CBM 165"]
[Source "ChessBase"]
[SourceDate "2015.03.11"]
[SourceVersion "1"]
[SourceVersionDate "2015.03.11"]
[SourceQuality "1"]

1. d4 f5 2. g3 Nf6 3. Bg2 g6 4. c4 Bg7 5. Nf3 0-0 6. 0-0 d6 7. Nc3 Qe8 8. d5 c5 9. Rb1 Na6 10. a3 Bd7 11. b4 b6 12. Qc2 Rd8 13. Re1 h6 14. e3 Qf7 15. Nd2 e6 16. Bb2 e5 17. b5 Nc7 18. f3 g5 19. a4 h5 20. a5 h4 21. gxh4 gxh4 22. Ra1 f4 23. exf4 h3 24. axb6 axb6 25. fxe5 Nh5 26. Bf1 Bxe5 27. Kh1 Qg7 28. Na4 Nf4 29. Bxe5 dxe5 30. Qc3 Rf5 31. Ne4 Be8 32. Nxb6 Bh5 33. Ng3 Rg5 34. Be2 Qg6 35. Na4 Nce6 36. Bd1 Nd3 37. Rf1 Nd4 38. Qd2 Nf4 39. Nxc5 1-0

[Event "RM-2012-0-00100"]
[Site "LSS email"]
[Date "2012.06.17"]
[Round "?"]
[White "McLeod, Sylvester"]
[Black "Bubnov, Vladimir Semenovich"]
[Result "1/2-1/2"]
[WhiteElo "2248"]
[BlackElo "2199"]
[PlyCount "64"]
[EventDate "2012.04.26"]
[EventType "tourn (corr)"]
[EventRounds "6"]
[EventCountry "GER"]
[SourceTitle "Telechess CBM 153"]
[Source "ChessBase"]
[SourceDate "2013.03.14"]
[SourceVersion "1"]
[SourceVersionDate "2013.03.14"]
[SourceQuality "1"]

1. e4 e5 2. Nf3 Nf6 3. d4 Nxe4 4. Bd3 d5 5. Nxe5 Nd7 6. Nxd7 Bxd7 7. 0-0 Bd6 8. c4 c6 9. cxd5 cxd5 10. Nc3 Nxc3 11. bxc3 0-0 12. Qh5 f5 13. Qf3 Qa5 14. c4 Bc6 15. c5 Qc3 16. Rb1 Bc7 17. Bb2 Qa5 18. Bxf5 Rf6 19. Qg4 Qxa2 20. Bc2 Raf8 21. Qd1 Bb5 22. Bb3 Qa6 23. Bxd5+ Kh8 24. Ra1 Rh6 25. h3 Qf6 26. Ra3 Bxf1 27. Rf3 Qd8 28. Qxf1 b6 29. Rxf8+ Qxf8 30. Qe1 a5 31. Qe3 Rh4 32. c6 b5 1/2-1/2

[Event "RM-2012-0-00100"]
[Site "LSS email"]
[Date "2012.06.17"]
[Round "?"]
[White "Sukhorskij, Vladimir Stanislavo"]
[Black "Bubnov, Vladimir Semenovich"]
[Result "1/2-1/2"]
[WhiteElo "2113"]
[BlackElo "2199"]
[PlyCount "74"]
[EventDate "2012.04.26"]
[EventType "tourn (corr)"]
[EventRounds "6"]
[EventCountry "GER"]
[SourceTitle "Telechess CBM 153"]
[Source "ChessBase"]
[SourceDate "2013.03.14"]
[SourceVersion "1"]
[SourceVersionDate "2013.03.14"]
[SourceQuality "1"]

1. e4 c5 2. Nf3 d6 3. d4 cxd4 4. Nxd4 Nf6 5. Nc3 a6 6. h3 e6 7. g4 Nc6 8. Be3 Be7 9. Qd2 Nd7 10. 0-0-0 Nxd4 11. Qxd4 0-0 12. Kb1 b5 13. g5 Bb7 14. h4 Rc8 15. h5 Bxg5 16. h6 Bf6 17. Qxd6 Ne5 18. Qb4 Qc7 19. hxg7 Rfe8 20. Bf4 Qb6 21. Bxe5 Bxe5 22. f3 Qc5 23. Qxc5 Rxc5 24. Bd3 Bxc3 25. bxc3 Rxc3 26. Rdg1 e5 27. Rh5 f6 28. Rh6 Rc7 29. Rxf6 Rxg7 30. Rh1 Rg6 31. Rxg6+ hxg6 32. c4 Bc6 33. Kc2 Rf8 34. Be2 Kg7 35. c5 Rc8 36. Rd1 a5 37. Rd6 Be8 1/2-1/2

[Event "RM-2012-0-00096"]
[Site "LSS email"]
[Date "2012.04.27"]
[Round "?"]
[White "Jarabinsky, Martin"]
[Black "Bubnov, Vladimir Semenovich"]
[Result "1/2-1/2"]
[WhiteElo "2158"]
[BlackElo "2199"]
[PlyCount "62"]
[EventDate "2012.03.27"]
[EventType "tourn (corr)"]
[EventRounds "6"]
[EventCountry "GER"]
[SourceTitle "Telechess CBM 153"]
[Source "ChessBase"]
[SourceDate "2013.03.14"]
[SourceVersion "1"]
[SourceVersionDate "2013.03.14"]
[SourceQuality "1"]

1. e4 e5 2. Nf3 Nc6 3. Bb5 a6 4. Ba4 Nf6 5. 0-0 b5 6. Bb3 Bc5 7. Nxe5 Nxe5 8. d4 Bxd4 9. Qxd4 d6 10. f4 c5 11. Qd2 Ned7 12. e5 dxe5 13. fxe5 Nxe5 14. Qe1 0-0 15. Qxe5 c4 16. Bxc4 bxc4 17. Bg5 Qb6+ 18. Be3 Qc6 19. Qc5 Bb7 20. Qxc6 Bxc6 21. Nd2 Rfe8 22. Rfe1 Bd5 23. Bd4 Ne4 24. Rad1 f6 25. Nxe4 Rxe4 26. Bc3 Rae8 27. Rxe4 Bxe4 28. Rd6 Bxc2 29. Rxa6 Re2 30. a4 Be4 31. g3 Rg2+ 1/2-1/2

[Event "RM-2011-0-00089"]
[Site "LSS email"]
[Date "2012.02.20"]
[Round "?"]
[White "Bubnov, Vladimir Semenovich"]
[Black "Skeels, Jim"]
[Result "0-1"]
[WhiteElo "2248"]
[BlackElo "2205"]
[PlyCount "108"]
[EventDate "2011.12.12"]
[EventType "tourn (corr)"]
[EventRounds "6"]
[EventCountry "GER"]
[SourceTitle "Telechess CBM 153"]
[Source "ChessBase"]
[SourceDate "2013.03.14"]
[SourceVersion "1"]
[SourceVersionDate "2013.03.14"]
[SourceQuality "1"]

1. e4 c5 2. d4 cxd4 3. c3 dxc3 4. Nxc3 Nc6 5. Nf3 d6 6. Bc4 a6 7. 0-0 Nf6 8. Bf4 e5 9. Ng5 exf4 10. Nxf7 Qe7 11. Nxh8 Ne5 12. Qa4+ Bd7 13. Qb3 Rd8 14. Be2 Be6 15. Nd5 Bxd5 16. exd5 g5 17. Qa4+ Qd7 18. Qa5 Bg7 19. Rac1 Rc8 20. Qb4 Ra8 21. Qb6 Nxd5 22. Qa5 Ne7 23. Rc7 Qe6 24. h4 f3 25. Bxf3 Nxf3+ 26. gxf3 Bxh8 27. Qxg5 Rb8 28. Rd1 Bf6 29. Qg4 Qxg4+ 30. fxg4 d5 31. Re1 Kd8 32. Rc2 Kd7 33. g5 Bd4 34. Rce2 Nf5 35. Kh2 h5 36. gxh6 Rh8 37. h5 Bf6 38. Kh3 Nxh6 39. Rd2 d4 40. f4 Rf8 41. Rd3 Kd6 42. Rb3 Rf7 43. Kg2 Nf5 44. Kf3 Kd5 45. Ra3 Ne3 46. Rd3 Nc4 47. b3 Nd6 48. Rd2 Rc7 49. h6 Nf5 50. Rh2 Rc3+ 51. Kg4 Ne3+ 52. Kh5 Rc6 53. Rg1 d3 54. h7 Rc2 0-1

[Event "RM-2011-0-00089"]
[Site "LSS email"]
[Date "2012.02.19"]
[Round "?"]
[White "Schlenther, Marco"]
[Black "Bubnov, Vladimir Semenovich"]
[Result "1-0"]
[WhiteElo "2447"]
[BlackElo "2248"]
[PlyCount "65"]
[EventDate "2011.12.12"]
[EventType "tourn (corr)"]
[EventRounds "6"]
[EventCountry "GER"]
[SourceTitle "Telechess CBM 153"]
[Source "ChessBase"]
[SourceDate "2013.03.14"]
[SourceVersion "1"]
[SourceVersionDate "2013.03.14"]
[SourceQuality "1"]

1. e4 e5 2. Nf3 Nc6 3. Bc4 Bc5 4. b4 Bxb4 5. c3 Ba5 6. d4 exd4 7. Qb3 Qf6 8. 0-0 Nge7 9. cxd4 Bb6 10. e5 Qg6 11. Qd1 d6 12. exd6 Bg4 13. dxe7 Bxd4 14. h3 Bxh3 15. Ng5 Be6 16. Nxe6 fxe6 17. Qb3 Nxe7 18. Nc3 0-0-0 19. Rb1 Bb6 20. Nb5 Nc6 21. Nxa7+ Nxa7 22. Bf4 e5 23. Be6+ Kb8 24. Bxe5 Nc8 25. Bxc8 Kxc8 26. Rfc1 Rd7 27. Qa4 Bxf2+ 28. Kxf2 Qa6 29. Qf4 c6 30. Qf3 Qa7+ 31. Kg3 Re8 32. Bf4 Ree7 33. Kh2 1-0

[Event "RM-2011-0-00084"]
[Site "LSS email"]
[Date "2011.11.29"]
[Round "?"]
[White "Bubnov, Vladimir Semenovich"]
[Black "Wosch, Arkadiusz Janusz"]
[Result "1-0"]
[WhiteElo "2257"]
[BlackElo "2257"]
[PlyCount "132"]
[EventDate "2011.11.03"]
[EventType "tourn (corr)"]
[EventRounds "6"]
[EventCountry "GER"]
[SourceTitle "Telechess CBM 155"]
[Source "ChessBase"]
[SourceDate "2013.07.16"]
[SourceVersion "1"]
[SourceVersionDate "2013.07.16"]
[SourceQuality "1"]

1. d4 Nf6 2. c4 e6 3. Nf3 d5 4. cxd5 exd5 5. Bg5 c6 6. Nc3 Be7 7. e3 Nbd7 8. Bd3 0-0 9. 0-0 Re8 10. Qc2 Nf8 11. h3 Be6 12. Rfc1 Ng6 13. Rd1 Bc8 14. Ne5 Nd7 15. Bxe7 Qxe7 16. Nf3 Nf6 17. Rac1 Ne4 18. Bxe4 dxe4 19. Nd2 f5 20. Ne2 Rd8 21. Qc5 Be6 22. b3 a5 23. a4 Qf6 24. b4 axb4 25. Qxb4 Rd7 26. Rc5 Ne7 27. Nc3 Qf7 28. a5 Nd5 29. Nxd5 Bxd5 30. Rdc1 g6 31. Nc4 Bxc4 32. R1xc4 Kg7 33. Qb2 Kh6 34. Rb4 Ra6 35. g3 Qe7 36. Kg2 Qf7 37. Qb3 Qxb3 38. Rxb3 Rf7 39. g4 fxg4 40. hxg4 Kg7 41. Re5 Rd7 42. Rb6 Ra8 43. Kg3 Rf7 44. Rb2 Rf3+ 45. Kg2 Rf7 46. Ra2 Ra6 47. Rxe4 Rd7 48. f4 b6 49. Re6 bxa5 50. Ra4 Kf7 51. f5 Re7 52. Rxe7+ Kxe7 53. Kf3 h5 54. fxg6 hxg4+ 55. Kxg4 Kf6 56. Kh5 Ra8 57. Rc4 Rh8+ 58. Kg4 Rc8 59. d5 c5 60. e4 Kxg6 61. e5 Re8 62. Kf4 Rf8+ 63. Ke4 Rf1 64. Rxc5 Re1+ 65. Kd4 Rd1+ 66. Kc4 Ra1 1-0

[Event "RA-2011-0-00158"]
[Site "LSS email"]
[Date "2011.10.31"]
[Round "?"]
[White "Dob, Gabor"]
[Black "Bubnov, Vladimir Semenovich"]
[Result "1/2-1/2"]
[WhiteElo "2080"]
[BlackElo "2256"]
[PlyCount "76"]
[EventDate "2011.09.26"]
[EventType "tourn (corr)"]
[EventRounds "6"]
[EventCountry "GER"]
[SourceTitle "Telechess CBM 157"]
[Source "ChessBase"]
[SourceDate "2013.11.12"]
[SourceVersion "1"]
[SourceVersionDate "2013.11.12"]
[SourceQuality "1"]

1. e4 c5 2. Nf3 d6 3. d4 cxd4 4. Nxd4 Qb6 5. Nc3 Nf6 6. Be2 e6 7. Be3 Qa5 8. Nb3 Qd8 9. Qd2 Nc6 10. 0-0-0 a6 11. f4 Nd7 12. h4 b5 13. f5 Be7 14. fxe6 fxe6 15. Nd4 Nxd4 16. Qxd4 Ne5 17. Rhf1 Rf8 18. Rxf8+ Kxf8 19. h5 h6 20. Bf4 Nf7 21. e5 d5 22. Bd3 b4 23. Na4 Kg8 24. Bg6 a5 25. Bxf7+ Kxf7 26. Qd3 Kg8 27. Qg6 Bg5 28. Bxg5 Qxg5+ 29. Qxg5 hxg5 30. Nc5 Ra7 31. Nb3 Bd7 32. Nd4 Rc7 33. Rd3 Kh7 34. b3 g4 35. Rg3 Kh6 36. Rxg4 Be8 37. Rh4 Rf7 38. g3 Rf1+ 1/2-1/2